[Event "HUN-chT2 Breyer 0506"]
[Site "Hungary"]
[Date "2006.04.23"]
[Round "11"]
[White "Farkas, Lajos"]
[Black "Horvath, Zoltan"]
[Result "1-0"]
[WhiteElo "2141"]
[BlackElo "2339"]
[PlyCount "45"]
[EventDate "2005.10.16"]
[EventType "team"]
[EventRounds "11"]
[EventCountry "HUN"]
[SourceTitle "EXT 2009"]
[Source "ChessBase"]
[SourceDate "2008.11.26"]
[SourceVersion "1"]
[SourceVersionDate "2008.11.26"]
[SourceQuality "1"]
[WhiteTeam "Barcza"]
[BlackTeam "Zoltek"]
[WhiteTeamCountry "HUN"]
[BlackTeamCountry "HUN"]

1. e4 e5 2. Nf3 Nc6 3. Bc4 Nf6 4. Ng5 d5 5. exd5 Na5 6. Bb5+ c6 7. dxc6 bxc6 8. Qf3 Rb8 9. Bxc6+ Nxc6 10. Qxc6+ Nd7 11. d3 Be7 12. Ne4 Bb7 13. Nd6+ Bxd6 14. Qxd6 Bxg2 15. Rg1 Rb6 16. Qa3 Rg6 17. Be3 a6 18. Nd2 Qh4 19. 0-0-0 Bd5 20. Rxg6 hxg6 21. Qd6 Bb7 22. Nc4 Qe7 23. Qc7 1-0

[Event "HUN-chT2 Maroczy 0506"]
[Site "Hungary"]
[Date "2006.01.22"]
[Round "6"]
[White "Leviczki, Tibor"]
[Black "Horvath, Zoltan"]
[Result "1-0"]
[WhiteElo "2324"]
[BlackElo "2339"]
[PlyCount "63"]
[EventDate "2005.10.16"]
[EventType "team"]
[EventRounds "11"]
[EventCountry "HUN"]
[SourceTitle "EXT 2009"]
[Source "ChessBase"]
[SourceDate "2008.11.26"]
[SourceVersion "1"]
[SourceVersionDate "2008.11.26"]
[SourceQuality "1"]
[WhiteTeam "Matra"]
[BlackTeam "Honved II"]
[WhiteTeamCountry "HUN"]
[BlackTeamCountry "HUN"]

1. e4 c5 2. Nf3 e6 3. d4 cxd4 4. Nxd4 Nc6 5. Nc3 a6 6. f4 Qc7 7. Be3 d6 8. Be2 Be7 9. Qd2 Nf6 10. 0-0-0 0-0 11. g4 Rb8 12. g5 Ne8 13. Kb1 b5 14. Nxc6 Qxc6 15. Bf3 Nc7 16. Ne2 b4 17. Nd4 Qa4 18. b3 Qd7 19. f5 d5 20. f6 Bd6 21. exd5 exd5 22. h4 a5 23. h5 a4 24. fxg7 Re8 25. g6 axb3 26. gxh7+ Kxh7 27. axb3 Be5 28. Be2 f5 29. h6 Qd6 30. Bh5 Rd8 31. Rdg1 Ra8 32. Bg6+ 1-0

[Event "HUN-chT 0405"]
[Site "Hungary"]
[Date "2005.02.20"]
[Round "8"]
[White "Horvath, Zoltan"]
[Black "Krutti, Valer"]
[Result "1/2-1/2"]
[WhiteElo "2326"]
[BlackElo "2386"]
[PlyCount "76"]
[EventDate "2004.09.26"]
[EventType "team-tourn"]
[EventRounds "11"]
[EventCountry "HUN"]
[SourceTitle "EXT 2011"]
[Source "ChessBase"]
[SourceDate "2010.11.26"]
[SourceVersion "1"]
[SourceVersionDate "2010.11.26"]
[SourceQuality "1"]
[WhiteTeam "Honved"]
[BlackTeam "Nagykanizsa"]
[WhiteTeamCountry "HUN"]
[BlackTeamCountry "HUN"]

1. e4 c6 2. d4 d5 3. Nc3 dxe4 4. Nxe4 Bf5 5. Ng3 Bg6 6. f4 e6 7. Nf3 Nd7 8. Bd3 Ngf6 9. 0-0 Be7 10. f5 exf5 11. Nxf5 0-0 12. N3h4 Re8 13. Nxg6 hxg6 14. Nxe7+ Qxe7 15. Qf3 Qe6 16. b3 Nd5 17. Bd2 N7f6 18. c4 Nc7 19. Rae1 Qd6 20. Bc3 Rxe1 21. Rxe1 Ne6 22. d5 Nf4 23. Be5 Qc5+ 24. Kf1 Nxd3 25. Qxd3 cxd5 26. Bxf6 gxf6 27. Qxd5 Qc7 28. g3 Rd8 29. Qf3 Kg7 30. Kg2 Rd6 31. Rd1 Re6 32. Rd2 Qe7 33. Rf2 a5 34. Qd5 Re5 35. Qf3 Re3 36. Qd5 Re5 37. Qf3 Re3 38. Qd5 Re5 1/2-1/2